| Tag |
First Indicator |
Second Indicator |
Subfields |
| LEADER |
00000cam a2200000Ii 4500 |
| 001 |
in00004168521 |
| 008 |
200116s2019 nyua b 000 0 eng d |
| 005 |
20250318215223.8 |
| 020 |
|
|
|a 9780300251081
|
| 020 |
|
|
|a 0300251084
|q paperback
|
| 035 |
|
|
|a (OCoLC)on1137755022
|
| 035 |
|
|
|a (OCoLC)1137755022
|
| 040 |
|
|
|a YUS
|b eng
|e rda
|c YUS
|d OCLCO
|d MZA
|d YDXIT
|
| 043 |
|
|
|a n-us-ny
|
| 050 |
|
4 |
|a NK410.N49
|b B37 2019
|
| 082 |
0 |
4 |
|a 745.071
|2 23
|
| 245 |
0 |
0 |
|a Bard Graduate Center at 25 :
|b Decorative Arts, Design History, Material Culture.
|
| 264 |
|
1 |
|a New York :
|b Bard Graduate Center,
|c [2019]
|
| 264 |
|
2 |
|a New Haven :
|b Distributed by Yale University Press
|
| 300 |
|
|
|a xx, 423 pages :
|b illustrations (chiefly color) ;
|c 24 cm
|
| 336 |
|
|
|a text
|b txt
|2 rdacontent
|
| 336 |
|
|
|a still image
|b sti
|2 rdacontent
|
| 337 |
|
|
|a unmediated
|b n
|2 rdamedia
|
| 338 |
|
|
|a volume
|b nc
|2 rdacarrier
|
| 504 |
|
|
|a Includes bibliographical references.
|
| 520 |
|
|
|a This handsome publication celebrates the first 25 years of the institution founded by Dr. Susan Weber in 1993. Located on the Upper West Side of Manhattan, Bard Graduate Center (BGC) has become the leading research center in the United States dedicated to the study of decorative arts, design history, and material culture. Its fully integrated academic and exhibition programs have pioneered the study of objects as a means to better understand the cultural history of the material world. This book, richly illustrated with installation views, exhibition objects, and archival photography, is enlivened by interviews with Susan Weber, Luke Syson, Arnold Lehman, and Kevin Stayton, as well as essays by scholars, curators, and collaborators who highlight the character and evolution of BGC's unique approach to the research and display of material culture over the past 25 years. Through an array of exhibitions, publications, research, and academic programs, BGC has united diverse fields to highlight the importance of subjects and materials that had been previously ignored, and this book commemorates its achievement.
|
| 610 |
2 |
0 |
|a Bard Graduate Center: Decorative Arts, Design History, Material Culture.
|
| 650 |
|
0 |
|a Decorative arts
|x Study and teaching (Higher)
|z New York (State)
|z New York.
|
| 650 |
|
0 |
|a Design
|x Study and teaching (Higher)
|z New York (State)
|z New York.
|
| 650 |
|
0 |
|a Material culture
|x Study and teaching (Higher)
|z New York (State)
|z New York.
|
| 710 |
2 |
|
|a Bard Graduate Center: Decorative Arts, Design History, Material Culture.
|
| 852 |
8 |
|
|b pda,print
|z This title is available for the library to purchase for your use. Click the "Purchase It For Me" button to place a request. This item may take 5-10 business days to arrive.
|
| 955 |
|
|
|a Print PDA title
|
| 961 |
|
|
|m 565730
|
| 999 |
f |
f |
|s 0c2c5f7f-7c61-4282-a40c-dfd145480622
|i 1df920b5-5139-35c0-bc2d-709cadae4820
|t 0
|
| 952 |
f |
f |
|a Texas A&M University
|b College Station
|c Sterling C. Evans Library
|d Purchase on Demand
|t 0
|e NK410.N49 B37 2019
|h Library of Congress classification
|
| 998 |
f |
f |
|a NK410.N49 B37 2019
|t 0
|l Purchase on Demand
|